Globalización, desigualdad y estándares laborales /

Furkejuvvon:
Bibliográfalaš dieđut
Váldodahkki: Bekerman, Marta
Eará dahkkit: Camillo, Elsa
Materiálatiipa: Texto
Fáttát:
Fáddágilkorat: Lasit fáddágilkoriid
Eai fáddágilkorat, Lasit vuosttaš fáddágilkora!

MARC

LEADER 00000 a a2200000 04500
001 3478
003
040
100 |a Bekerman, Marta  
245 |a Globalización, desigualdad y estándares laborales /  |c Marta Bekerman ; Elsa Camillo 
650 |a LIBERALIZACION DEL INTERCAMBIO  
650 |a TRABAJO  
650 |a EMPLEO  
650 |a CONDICIONES DE TRABAJO  
650 |a POBREZA  
650 |a DESEMPLEO  
650 |a COMERCIO INTERNACIONAL  
650 |a POLOS DE CRECIMIENTO  
700 |a Camillo, Elsa  
773 |g volumen 49, número 8; páginas 707-717  
999 |c 37560  |d 37560